Normal view MARC view

Entry Topical Term

Number of records used in: 1

001 - CONTROL NUMBER

  • control field: 28866

003 - CONTROL NUMBER IDENTIFIER

  • control field: OSt

005 - DATE AND TIME OF LATEST TRANSACTION

  • control field: 20211217140945.0

008 - FIXED-LENGTH DATA ELEMENTS

  • fixed length control field: 211217|| aca||aabn | a|a d

040 ## - CATALOGING SOURCE

  • Original cataloging agency: OSt
  • Transcribing agency: OSt

150 ## - HEADING--TOPICAL TERM

  • Topical term or geographic name entry element: Divorce/separation, Gender, Masculinity, Unemployment, Family

670 ## - SOURCE DATA FOUND

  • Source citation: Work cat.: (OSt): Gonalons-Pons, Pilar Gangl, Markus 28865, Marriage and masculinity: Male-breadwinner culture, unemployment, and separation risk in 29 countries

Powered by Koha